00680nam a2200229 a 4500001001300000003000900013005001700022008004100039020002300080082001500103100002000118245002300138260003800161300000900199500003500208650003700243700002000280902000800300942000700308952011800315999001700433nice12345678IN_TiNIC20260116014943.0070913s1998 oxfa grp 000 0 eng  a0631208631 c10000a220.6bFOW aFowl, Stepben E aEngaging Scripture aOxfordbBlackwell Pub. Ltd c1998 a219p aincludes index and biblioraphy aBible-Criticism & Interpretation1 aFowl, Stepben E bSRS cBK 001040708StackRoom-aHMIbHMId2007-09-13g100.00l0o220.6 FOWp11001883r2007-09-13v100.00w2007-09-13yBK c17700d17700